Statistics for Sports Anagrams

Click here to take the quiz!

General Stats

  • This quiz has been taken 56 times
  • The average score is 13 of 14

Answer Stats

HintAnswer% Correct
ELTBKAALSBBasketball
100%
RTIKECCCricket
100%
LBOTLOFAFootball
100%
FOLGGolf
100%
EHKOYCHockey
100%
NISKIGSkiing
100%
BYGURRugby
98%
ABLSELBABaseball
94%
IMWGSNIMSwimming
94%
LYLOLVBELAVolleyball
94%
SNITNETennis
90%
CIMSTYNGSAGymnastics
82%
GITKANSSkating
82%
ICGCYLNCycling
69%

Score Distribution

Percentile by Number Answered

Percent of People with Each Score

Your Score History

You have not taken this quiz